00711nam a22002055i 450000100060000000300090000600500170001500700030003200800410003504000200007610000430009624500440013926000440018330000220022749000420024983000500029185200220034199900170036395201250038048818ES-MaACL20250809063456.0t|950906s1846 gw ||||1| eng d aCAM bspa cCAM1 aDisraeli, Benjamin, d1804-188194487810aAlroy b: a romance / cby B. Disraeli. aLeipzig : bBernhard Tauchnitz, c1846. a286 p. ; c16 cm.1 aCollection of British authors ; v1010 aCollection of British authors ; v1019180703 aES-MaACLjG-12426 c48818d48818 001040708LIBXIXaATENEOMbATENEOMcSPP3d2008-01-17eSCl0oG-12426p1051373r2023-02-23 00:00:00w2023-02-23yMONANT